000 00680nam a22002535a 4500
008
020 _a0044480911 (pbk.)
049 _aMAIN
090 _aQH308.2
_bSIM
100 1 _aSimpkins, J.
245 1 0 _aAdvanced biology /
_cJ. Simpkins and J. I. Williams.
250 _a3rd ed.
260 _aLondon :
_bELBS,
_c1989.
300 _avii, 760 p. :
_bill. ;
_c28 cm.
650 0 _aBiology.
650 _aBiotechnology.
650 _aWater and Aqueous solutions
700 1 _aWilliams, J.I.
907 _a.b10209037
_b28-05-13
_c04-08-06
003
005 20230123124932.0
040 _cNUST
942 _cBOOKS
_kQH308.2
_mSIM
999 _c132839
_d132839